000 00325nam a22001457a 4500
008 221018b ||||| |||| 00| 0 eng d
020 _a9789951550499
041 _aeng
080 _a721
082 _a721 MAL
100 _a20.1
101 _aGJEO
245 _aGJEOMATIKA & GJEINFORMATIKA
_cEDON MALIQI
942 _2udc
_cBK
999 _c58597
_d58597